Emlékezés Prohászka Ottóra

Elmentve itt :
Bibliográfiai részletek
Szerző: Bodnár Károly
Dokumentumtípus: Könyv része
Megjelent: 2017
Sorozat:Logisztika a Dél-Alföldön című regionális konferencia előadásainak összefoglalói
Kulcsszavak:Prohászka Ottó, Logisztika - magyar - 20-21. sz. - megemlékezés
Online Access:http://acta.bibl.u-szeged.hu/62789
LEADER 00715naa a2200181 i 4500
001 acta62789
005 20260224081030.0
008 191112s2017 hu o 100 hun d
020 |a 978-963-12-8927-5 
040 |a SZTE Egyetemi Kiadványok Repozitórium  |b hun 
041 |a hun 
100 1 |a Bodnár Károly 
245 1 0 |a Emlékezés Prohászka Ottóra  |h [elektronikus dokumentum] /  |c  Bodnár Károly 
260 |c 2017 
300 |a 9 
490 0 |a Logisztika a Dél-Alföldön című regionális konferencia előadásainak összefoglalói 
695 |a Prohászka Ottó, Logisztika - magyar - 20-21. sz. - megemlékezés 
856 4 0 |u http://acta.bibl.u-szeged.hu/62789/1/logisztika_a_del_alfoldon_2017_009.pdf  |z Dokumentum-elérés